| 000 | 00969njm a22002657a 4500 | ||
|---|---|---|---|
| 005 | 20100914152621.0 | ||
| 007 | sd ammalaaahaa | ||
| 008 | 100913t xxu||||| |||| 00| 0 hin d | ||
| 028 |
_aMFPE 1040 _bMusic for Pleasure |
||
| 035 | _aGR-07834 | ||
| 040 | _aSED/VEN | ||
| 100 |
_aMohd Rafi _91184 |
||
| 245 |
_aHappy Birthday to you / _cby Mohd Rafi _h[sound recording] : |
||
| 246 | _aहैप्पी बर्थडे तो यू / | ||
| 260 |
_aDum Dum India _bMusic for Pleasure _c1984 |
||
| 300 |
_a1 sound disc [Gramophone record] : _banalog, 33 1/3 rpm _c12.5 in. (LP) _fGramophone Record |
||
| 500 | _aBrief Record | ||
| 500 | _aRecord label :Music for Pleasure ,Green | ||
| 505 | _aSide 1 Door ki awaz Side 2 Gunga jumna | ||
| 600 |
_aMohd Rafi _919992 |
||
| 650 |
_aHindi Film Song _xExcerpts _zIndia _919603 |
||
| 700 | _919605 | ||
| 942 |
_2ddc _cGR |
||
| 999 |
_c47528 _d47528 |
||